LEADER 02049nas 2200625- 450 001 9910167559103321 005 20260127110708.0 011 $a2042-8332 035 $a(DE-599)ZDB2625869-9 035 $a(OCoLC)186383774 035 $a(CKB)1000000000285706 035 $a(CONSER)--2016207363 035 $a(DE-599)2625869-9 035 $a(EXLCZ)991000000000285706 100 $a20080102b20072010 s-- a 101 0 $aeng 135 $aurun||||||||| 181 $ctxt$2rdacontent 182 $cc$2rdamedia 183 $acr$2rdacarrier 200 00$aAdvances in mental health and learning disabilities 210 1$aBrighton :$cPavilion,$d2007-2010. 215 $a1 online resource 300 $aRefereed/Peer-reviewed 311 08$a1753-0180 606 $aLearning disabled$xMental health services$zGreat Britain$vPeriodicals 606 $aLearning disabilities 606 $aMental health 606 $aLearning Disabilities 606 $aMental Health 606 $aPersonnes en difficulté d'apprentissage$xServices de santé mentale$zGrande-Bretagne$vPériodiques 606 $aTroubles de l'apprentissage 606 $aSanté mentale 606 $amental health$2aat 606 $aMental health$2fast$3(OCoLC)fst01016339 606 $aLearning disabilities$2fast$3(OCoLC)fst00994891 607 $aGreat Britain$2fast 608 $aPeriodical. 608 $aPeriodicals.$2fast 615 0$aLearning disabled$xMental health services 615 0$aLearning disabilities. 615 0$aMental health. 615 12$aLearning Disabilities. 615 12$aMental Health. 615 6$aPersonnes en difficulté d'apprentissage$xServices de santé mentale 615 6$aTroubles de l'apprentissage. 615 6$aSanté mentale. 615 7$amental health. 615 7$aMental health. 615 7$aLearning disabilities. 676 $a362.30941 906 $aJOURNAL 912 $a9910167559103321 996 $aAdvances in mental health and learning disabilities$92266686 997 $aUNINA LEADER 00877nam 2200289 450 001 996665972803316 005 20250716133809.0 010 $a978-0-323-85277-7 100 $a20250710d2023----km y0itay5003 ba 101 0 $aeng 102 $aUS 105 $aaaa 001yy 200 1 $aCloud computing$etheory and practice$fDan C. Marinescu 205 $a3. ed. 210 $aCambridge, MA$cElsevier, MK, Morgan Kaufmann Publishers$d2023 215 $aXVII, 653 p.$cill.$d24 cm 606 0 $aWorld Wide Web$xServizi telematici$xGestione$2BNCF 676 $a004.678 700 1$aMARINESCU,$bDan C.$0621699 801 0$aIT$bcba$gREICAT 912 $a996665972803316 951 $a004.678 MAR 1$b41621 Sci.$c004.678$d00338093 951 $a004.678 MAR 1 a$b41620 Sci.$c004.678$d00338096 959 $aBK 969 $aSCI 996 $aCloud computing$92759274 997 $aUNISA